MARC details
| 000 -LEADER |
| campo de control de longitud fija |
02681cam a22003617a 4500 |
| 001 - NÚMERO DE CONTROL |
| campo de control |
104995 |
| 005 - FECHA Y HORA DE LA ÚLTIMA TRANSACCIÓN |
| campo de control |
20230410142343.0 |
| 008 - DATOS DE LONGITUD FIJA--INFORMACIÓN GENERAL |
| campo de control de longitud fija |
071127s2007 ie b 000 0 eng d |
| 035 ## - NÚMERO DE CONTROL DEL SISTEMA |
| Número de control de sistema |
15094650 |
| 010 ## - NÚMERO DE CONTROL DE LA BIBLIOTECA DEL CONGRESO |
| Número de control de LC |
2007531338 |
| 020 ## - NÚMERO INTERNACIONAL ESTÁNDAR DEL LIBRO |
| Número Internacional Estándar del Libro |
9781847300256 (pbk.) |
| 020 ## - NÚMERO INTERNACIONAL ESTÁNDAR DEL LIBRO |
| Número Internacional Estándar del Libro |
1847300251 (pbk.) |
| 035 ## - NÚMERO DE CONTROL DEL SISTEMA |
| Número de control de sistema |
(OCoLC)ocm86114285 |
| 040 ## - FUENTE DE CATALOGACIÓN |
| Centro catalogador/agencia de origen |
QCL |
| Centro/agencia transcriptor |
QCL |
| Centro/agencia modificador |
BTCTA |
| -- |
YDXCP |
| -- |
BAKER |
| -- |
BWK |
| -- |
GUA |
| -- |
GHS |
| -- |
DLC |
| 042 ## - CÓDIGO DE AUTENTICACIÓN |
| Código de autenticación |
lccopycat |
| 050 14 - SIGNATURA TOPOGRÁFICA DE LA BIBLIOTECA DEL CONGRESO |
| Número de clasificación |
BX 1751.3 |
| Número de ítem |
E96 2007 |
| 245 00 - MENCIÓN DEL TÍTULO |
| Título |
Exploring theology : |
| Resto del título |
making sense of the Catholic tradition / |
| Mención de responsabilidad, etc. |
edited by Anne Hession & Patricia Kieran. |
| 260 ## - PUBLICACIÓN, DISTRIBUCIÓN, ETC. |
| Lugar de publicación, distribución, etc. |
Dublin : |
| Nombre del editor, distribuidor, etc. |
Veritas, |
| Fecha de publicación, distribución, etc. |
2007. |
| 300 ## - DESCRIPCIÓN FÍSICA |
| Extensión |
320 p. ; |
| Dimensiones |
24 cm. |
| 504 ## - NOTA DE BIBLIOGRAFÍA, ETC. |
| Nota de bibliografía, etc. |
Includes bibliographical references. |
| 505 00 - NOTA DE CONTENIDO CON FORMATO |
| Título |
Introduction to Catholic theology / |
| Mención de responsabilidad |
Gerard Mannion -- |
| Título |
Catholicism and western culture / |
| Mención de responsabilidad |
Lawrence S. Cunningham -- |
| Título |
Hebrew Bible / |
| Mención de responsabilidad |
Martin O'Kane -- |
| Título |
Christian Bible / |
| Mención de responsabilidad |
Anne O'Leary -- |
| Título |
God 'embarrassed at the prospect of possession': exploring divine revelation / |
| Mención de responsabilidad |
Eamonn Conway -- |
| Título |
Tradition / |
| Mención de responsabilidad |
Brendâan Leahy -- |
| Título |
Jesus, the Christ / |
| Mención de responsabilidad |
Fachtna McCarthy -- |
| Título |
Trinity / |
| Mención de responsabilidad |
Carol Barry -- |
| Título |
Holy Spirit / |
| Mención de responsabilidad |
Pat Mullins -- |
| Título |
Church, a community of disciples / |
| Mención de responsabilidad |
David McLoughlin -- |
| Título |
Mary of Nazareth / |
| Mención de responsabilidad |
Caroline Renehan -- |
| Título |
Eschatology: hope seeking understanding / |
| Mención de responsabilidad |
Dermot A. Lane -- |
| Título |
Catholic anthropology / |
| Mención de responsabilidad |
Ethna Regan -- |
| Título |
Introduction to Catholic moral theology: the Christian contribution to morality / |
| Mención de responsabilidad |
Niamh Middleton -- |
| Título |
Moral decision making, conscience and church authority / |
| Mención de responsabilidad |
Patrick Connolly -- |
| Título |
Introduction to Catholic social teaching / |
| Mención de responsabilidad |
Donal Dorr -- |
| Título |
Catholic theology of creation / |
| Mención de responsabilidad |
Sean McDonagh -- |
| Título |
Making saints through the liturgical year / |
| Mención de responsabilidad |
Raymond Topley -- |
| Título |
Sacraments: key symbols for the Christian way of life / |
| Mención de responsabilidad |
Bruce T. Morrill -- |
| Título |
Sacraments of initiation and reconciliation / |
| Mención de responsabilidad |
Owen F. Cummings -- |
| Título |
Christian spirituality / |
| Mención de responsabilidad |
Una Agnew -- |
| Título |
Catholic identity: 'love that powerful leaves its own mark' / |
| Mención de responsabilidad |
Anne Hession -- |
| Título |
Catholic feminist theology / |
| Mención de responsabilidad |
Mary Grey -- |
| Título |
Faith, dialogue and the 'Catholic instinct': discerning the significance of other faiths / |
| Mención de responsabilidad |
Michael Barnes -- |
| Título |
Catholicism and ecumenism / |
| Mención de responsabilidad |
Paul D. Murray -- |
| Título |
How 'catholic' is Catholic theology? / |
| Mención de responsabilidad |
Patricia Kieran. |
| 610 20 - PUNTO DE ACCESO ADICIONAL DE MATERIA--NOMBRE DE ENTIDAD CORPORATIVA |
| Nombre de entidad corporativa o nombre de jurisdicción como elemento de entrada |
Catholic Church |
| Subdivisión general |
Doctrines. |
| 650 #0 - PUNTO DE ACCESO ADICIONAL DE MATERIA--TÉRMINO DE MATERIA |
| Término de materia o nombre geográfico como elemento de entrada |
Theology, Doctrinal. |
| 650 #4 - PUNTO DE ACCESO ADICIONAL DE MATERIA--TÉRMINO DE MATERIA |
| Término de materia o nombre geográfico como elemento de entrada |
Teología |
| Subdivisión general |
Doctrinas. |
| 650 #4 - PUNTO DE ACCESO ADICIONAL DE MATERIA--TÉRMINO DE MATERIA |
| Término de materia o nombre geográfico como elemento de entrada |
Primera Jornada de Catalogación. |
| 700 1# - ENTRADA AGREGADA--NOMBRE PERSONAL |
| Nombre de persona |
Hession, Anne. |
| 700 1# - ENTRADA AGREGADA--NOMBRE PERSONAL |
| Nombre de persona |
Kieran, Patricia. |
| 856 41 - LOCALIZACIÓN Y ACCESO ELECTRÓNICOS |
| Materiales especificados |
Table of contents only |
| Identificador Uniforme de Recursos |
<a href="http://www.loc.gov/catdir/toc/fy1002/2007531338.html">http://www.loc.gov/catdir/toc/fy1002/2007531338.html</a> |
| 923 ## - |
| -- |
20071031 |
| -- |
565086215 |
| -- |
Kennys |
| 925 0# - |
| -- |
acquire |
| -- |
2 shelf copies |
| -- |
policy default |
| 942 ## - ELEMENTOS DE ENTRADA SECUNDARIOS (KOHA) |
| Fuente del sistema de clasificación o colocación |
Clasificación de Library of Congress |
| Tipo de ítem Koha |
|
| 946 ## - PROCESAMIENTO DE INFORMACIÓN LOCAL (OCLC) |
| a |
JPR |